Rethinking the security-development nexus : (Record no. 588346)

000 -LEADER
fixed length control field 01402cam a2200373 i 4500
001 - CONTROL NUMBER
control field 19334188
003 - CONTROL NUMBER IDENTIFIER
control field NUST
005 - DATE AND TIME OF LATEST TRANSACTION
control field 20220228123348.0
008 - FIXED-LENGTH DATA ELEMENTS--GENERAL INFORMATION
fixed length control field 161013s2017 enk b 001 0 eng
010 ## - LIBRARY OF CONGRESS CONTROL NUMBER
LC control number 2016028613
020 ## - INTERNATIONAL STANDARD BOOK NUMBER
International Standard Book Number 9781138200081 (hardback)
020 ## - INTERNATIONAL STANDARD BOOK NUMBER
Canceled/invalid ISBN 9781315515298 (ebook)
038 ## - RECORD CONTENT LICENSOR
Staff Name waseem
040 ## - CATALOGING SOURCE
Original cataloging agency DLC
Language of cataloging eng
Transcribing agency DLC
Description conventions rda
Modifying agency DLC
042 ## - AUTHENTICATION CODE
Authentication code pcc
050 00 - LIBRARY OF CONGRESS CALL NUMBER
Classification number HC79.D4
Item number J47 2017
082 00 - DEWEY DECIMAL CLASSIFICATION NUMBER
Classification number 355.033
Author Mark JES
100 1# - MAIN ENTRY--PERSONAL NAME
Personal name Jesperson, Sasha,
Relator term author.
9 (RLIN) 89795
245 10 - TITLE STATEMENT
Title Rethinking the security-development nexus :
Remainder of title organised crime in post-conflict states /
Statement of responsibility, etc. Sasha Jesperson.
264 #1 - PRODUCTION, PUBLICATION, DISTRIBUTION, MANUFACTURE, AND COPYRIGHT NOTICE
Place of production, publication, distribution, manufacture London ;
-- New York :
Name of producer, publisher, distributor, manufacturer Routledge, Taylor & Francis Group,
Date of production, publication, distribution, manufacture, or copyright notice 2017.
300 ## - PHYSICAL DESCRIPTION
Extent ix, 200 pages ;
Dimensions 24 cm.
336 ## - CONTENT TYPE
Content type term text
Content type code txt
Source rdacontent
337 ## - MEDIA TYPE
Media type term unmediated
Media type code n
Source rdamedia
338 ## - CARRIER TYPE
Carrier type term volume
Carrier type code nc
Source rdacarrier
490 0# - SERIES STATEMENT
Series statement Routledge studies in conflict, security and development
504 ## - BIBLIOGRAPHY, ETC. NOTE
Bibliography, etc. note Includes bibliographical references and index.
563 ## - BINDING INFORMATION
Binding note HBK.
650 #0 - SUBJECT ADDED ENTRY--TOPICAL TERM
Topical term or geographic name entry element National security
General subdivision Economic aspects.
9 (RLIN) 89796
650 #0 - SUBJECT ADDED ENTRY--TOPICAL TERM
Topical term or geographic name entry element Internal security
General subdivision Economic aspects.
9 (RLIN) 89797
650 #0 - SUBJECT ADDED ENTRY--TOPICAL TERM
Topical term or geographic name entry element Postwar reconstruction
General subdivision Economic aspects.
9 (RLIN) 89798
906 ## - LOCAL DATA ELEMENT F, LDF (RLIN)
a 7
b cbc
c orignew
d 1
e ecip
f 20
g y-gencatlg
942 ## - ADDED ENTRY ELEMENTS (KOHA)
Source of classification or shelving scheme
Koha item type Book
Holdings
Withdrawn status Lost status Source of classification or shelving scheme Damaged status Not for loan Permanent Location Current Location Date acquired Source of acquisition Total Checkouts Full call number Barcode Date last seen Date last checked out Price effective from Koha item type
          Central Library (CL) Central Library (CL) 02/28/2022 Vanguard Books 1 355.033 JES CL-1057 05/05/2025 04/18/2025 02/28/2022 Book
© 2023 Central Library, National University of Sciences and Technology. All Rights Reserved.